Persian cultures of power and the entanglement of the Afro-Eurasian world /

Bibliographic Details
Other Authors: Canepa, Matthew P., 1975- (Editor)
Format: eBook
Language:English
Published: Los Angeles : Getty Research Institue, [2024]
Series:Issues & debates.
Subjects:
Online Access:Connect to the full text of this electronic book

MARC

Tag First Indicator Second Indicator Subfields
LEADER 00000nam a2200000 i 4500
001 in00004772001
006 m o d
007 cr cnu|||unuuu
008 231218t20242024cauab ob 101 0 eng d
005 20240212143120.9
020 |a 9781606068434  |q (electronic bk.) 
020 |a 1606068431  |q (electronic bk.) 
020 |z 9781606068427 
020 |z 1606068423 
035 |a (NhCcYBP)jstor22573/CATS9323550 
037 |a 22573/cats9323550  |b JSTOR 
040 |a NhCcYBP  |c NhCcYBP 
050 4 |a DS266  |b .P484 2024 
072 7 |a HIS  |x 000000  |2 bisacsh 
072 7 |a HIS  |x 026020  |2 bisacsh 
072 7 |a ART  |x 047000  |2 bisacsh 
072 7 |a ART  |x 015060  |2 bisacsh 
082 0 4 |a 935/.7  |2 23/eng/20231218 
245 0 0 |a Persian cultures of power and the entanglement of the Afro-Eurasian world /  |c edited by Matthew P. Canepa. 
264 1 |a Los Angeles :  |b Getty Research Institue,  |c [2024] 
264 4 |c ©2024 
300 |a 1 online resource. 
336 |a text  |b txt  |2 rdacontent 
337 |a computer  |b c  |2 rdamedia 
338 |a online resource  |b cr  |2 rdacarrier 
490 1 |a Issues & debates 
588 0 |a Online resource; title from PDF title page (JSTOR, viewed December 18, 2023). 
504 |a Includes bibliographical references and index. 
651 0 |a Iran  |x Civilization  |v Congresses. 
651 0 |a Iran  |x Relations  |v Congresses. 
651 0 |a Iran  |x History  |v Congresses. 
651 0 |a Iran  |x Antiquities  |v Congresses. 
655 7 |a Electronic books.  |2 local 
700 1 |a Canepa, Matthew P.,  |d 1975-  |e editor. 
776 1 8 |c Original  |z 1606068423  |z 9781606068427 
830 0 |a Issues & debates. 
856 4 0 |u http://proxy.library.tamu.edu/login?url=https://www.jstor.org/stable/10.2307/jj.9345422  |z Connect to the full text of this electronic book  |t 0 
955 |a JSTOR DDA record 
999 f f |s 5b0c8e11-7411-4351-be2c-7272f0ba2a75  |i 6bdba13f-90b3-4733-8db5-89fe4357f1dd  |t 0 
952 f f |a Texas A&M University  |b College Station  |c Electronic Resources  |d Available Online  |t 0  |e DS266 .P484 2024  |h Library of Congress classification 
998 f f |a DS266 .P484 2024  |t 0  |l Available Online